Normal view
MARC view
- PROJECT SUPERVISORS DR. MUHAMMAD ZEESHAN
Entry Personal Name
001 - CONTROL NUMBER
- control field: 71330
003 - CONTROL NUMBER IDENTIFIER
- control field: NUST
005 - DATE AND TIME OF LATEST TRANSACTION
- control field: 20210628204625.0
008 - FIXED-LENGTH DATA ELEMENTS
- fixed length control field: 210628|| aca||aabn | a|a d
040 ## - CATALOGING SOURCE
- Original cataloging agency: NUST
- Transcribing agency: NUST
100 ## - HEADING--PERSONAL NAME
- Personal name: PROJECT SUPERVISORS DR. MUHAMMAD ZEESHAN
670 ## - SOURCE DATA FOUND
- Source citation: Work cat.: (NUST): NC MUTHER SOHAIL NC SHAHID JAMIL NC MUHAMMAD SHOAIB ASLAM 71329, PR-SOF-1763-SMART LEARNING THERMOSTAT, 2018
